[Event "ABC-4 2025 Groep A"]
[Site "Utrecht"]
[Date "2025.03.16"]
[Round "7.5"]
[White "Ramdien, Steven"]
[Black "Van de Poel, Jona"]
[Result "0-1"]
[WhiteFideId "8722626"]
[BlackFideId "8707633"]
[WhiteElo "1876"]
[BlackElo "1977"]

1. d4 {[%clk 00:55:11]} {[%emt 00:00:08]} Nf6 {[%clk 00:55:08]} {[%emt
00:00:13]} 2. Nf3 {[%clk 00:55:16]} {[%emt 00:00:05]} e6 {[%clk 00:55:14]}
{[%emt 00:00:04]} 3. g3 {[%clk 00:55:19]} {[%emt 00:00:06]} b6 {[%clk
00:55:16]} {[%emt 00:00:08]} 4. Bg2 {[%clk 00:55:22]} {[%emt 00:00:07]} Bb7
{[%clk 00:55:19]} {[%emt 00:00:08]} 5. O-O {[%clk 00:54:39]} {[%emt 00:00:52]}
c5 {[%clk 00:52:41]} {[%emt 00:02:49]} 6. c3 {[%clk 00:51:50]} {[%emt
00:02:56]} Be7 {[%clk 00:51:53]} {[%emt 00:01:00]} 7. Re1 {[%clk 00:51:02]}
{[%emt 00:00:58]} O-O {[%clk 00:50:30]} {[%emt 00:01:34]} 8. Nbd2 {[%clk
00:50:43]} {[%emt 00:00:27]} d5 {[%clk 00:50:05]} {[%emt 00:00:37]} 9. Nb3
{[%clk 00:41:06]} {[%emt 00:09:45]} cxd4 {[%clk 00:46:36]} {[%emt 00:03:41]} 10.
cxd4 {[%clk 00:40:08]} {[%emt 00:01:08]} Nc6 {[%clk 00:45:37]} {[%emt
00:01:09]} 11. Bd2 {[%clk 00:38:01]} {[%emt 00:02:17]} Rc8 {[%clk 00:43:34]}
{[%emt 00:02:14]} 12. Rc1 {[%clk 00:36:48]} {[%emt 00:01:22]} Qd7 {[%clk
00:42:21]} {[%emt 00:01:24]} 13. Bc3 {[%clk 00:35:18]} {[%emt 00:01:39]} Ne4
{[%clk 00:41:02]} {[%emt 00:01:30]} 14. Nfd2 {[%clk 00:34:11]} {[%emt
00:01:15]} Nxc3 {[%clk 00:40:47]} {[%emt 00:00:27]} 15. Rxc3 {[%clk 00:34:04]}
{[%emt 00:00:16]} Bf6 {[%clk 00:37:35]} {[%emt 00:03:22]} 16. e3 {[%clk
00:33:26]} {[%emt 00:00:47]} Ne7 {[%clk 00:36:28]} {[%emt 00:01:18]} 17. Rxc8
{[%clk 00:31:05]} {[%emt 00:02:32]} Rxc8 {[%clk 00:36:24]} {[%emt 00:00:14]} 18.
Nf3 {[%clk 00:30:42]} {[%emt 00:00:33]} Qa4 {[%clk 00:34:18]} {[%emt 00:02:15]}
19. a3 {[%clk 00:29:46]} {[%emt 00:01:04]} Ba6 {[%clk 00:33:03]} {[%emt
00:01:27]} 20. Bf1 {[%clk 00:28:52]} {[%emt 00:01:03]} Bc4 {[%clk 00:32:47]}
{[%emt 00:00:27]} 21. Nfd2 {[%clk 00:24:00]} {[%emt 00:05:01]} Qb5 {[%clk
00:31:06]} {[%emt 00:01:51]} 22. e4 {[%clk 00:22:13]} {[%emt 00:01:57]} Bxf1
{[%clk 00:30:41]} {[%emt 00:00:35]} 23. Rxf1 {[%clk 00:21:40]} {[%emt
00:00:43]} dxe4 {[%clk 00:29:53]} {[%emt 00:00:59]} 24. Nxe4 {[%clk 00:21:34]}
{[%emt 00:00:16]} Rd8 {[%clk 00:28:35]} {[%emt 00:01:28]} 25. Nxf6+ {[%clk
00:21:30]} {[%emt 00:00:13]} gxf6 {[%clk 00:28:39]} {[%emt 00:00:07]} 26. Qf3
{[%clk 00:20:25]} {[%emt 00:01:11]} Kg7 {[%clk 00:27:48]} {[%emt 00:01:04]} 27.
Rd1 {[%clk 00:19:06]} {[%emt 00:01:26]} a5 {[%clk 00:26:21]} {[%emt 00:01:40]}
28. Rd2 {[%clk 00:17:59]} {[%emt 00:01:16]} Rd7 {[%clk 00:21:07]} {[%emt
00:05:25]} 29. Nc1 {[%clk 00:16:05]} {[%emt 00:02:03]} Qg5 {[%clk 00:18:31]}
{[%emt 00:02:46]} 30. Rd1 {[%clk 00:12:40]} {[%emt 00:03:35]} Nd5 {[%clk
00:15:56]} {[%emt 00:02:46]} 31. Ne2 {[%clk 00:11:55]} {[%emt 00:00:54]} Rc7
{[%clk 00:14:17]} {[%emt 00:01:50]} 32. h4 {[%clk 00:07:55]} {[%emt 00:04:10]}
Qg6 {[%clk 00:13:25]} {[%emt 00:01:02]} 33. Nf4 {[%clk 00:06:57]} {[%emt
00:01:08]} Nxf4 {[%clk 00:13:18]} {[%emt 00:00:16]} 34. Qxf4 {[%clk 00:07:00]}
{[%emt 00:00:07]} Qc2 {[%clk 00:12:40]} {[%emt 00:00:48]} 35. Rd2 {[%clk
00:06:32]} {[%emt 00:00:38]} Qc4 {[%clk 00:08:50]} {[%emt 00:04:00]} 36. h5
{[%clk 00:05:58]} {[%emt 00:00:45]} h6 {[%clk 00:06:07]} {[%emt 00:02:53]} 37.
Kh2 {[%clk 00:05:23]} {[%emt 00:00:44]} Rd7 {[%clk 00:05:54]} {[%emt 00:00:23]}
38. Qg4+ {[%clk 00:04:52]} {[%emt 00:00:40]} Kh7 {[%clk 00:05:42]} {[%emt
00:00:22]} 39. Qf4 {[%clk 00:05:01]} {[%emt 00:00:02]} Qd5 {[%clk 00:05:19]}
{[%emt 00:00:32]} 40. Qxf6 {[%clk 00:04:24]} {[%emt 00:00:47]} Qxh5+ {[%clk
00:05:22]} {[%emt 00:00:07]} 41. Kg2 {[%clk 00:04:33]} Qg5 {[%clk 00:05:11]}
{[%emt 00:00:22]} 42. Qxg5 {[%clk 00:04:16]} {[%emt 00:00:28]} hxg5 {[%clk
00:05:15]} {[%emt 00:00:05]} 43. Kf3 {[%clk 00:04:25]} {[%emt 00:00:02]} Kg6
{[%clk 00:05:08]} {[%emt 00:00:17]} 44. g4 {[%clk 00:04:33]} f5 {[%clk
00:04:59]} {[%emt 00:00:19]} 45. gxf5+ {[%clk 00:04:13]} {[%emt 00:00:30]} Kxf5
{[%clk 00:04:59]} {[%emt 00:00:10]} 46. Ke3 {[%clk 00:04:14]} {[%emt 00:00:09]}
a4 {[%clk 00:04:20]} {[%emt 00:00:49]} 47. Rc2 {[%clk 00:04:10]} {[%emt
00:00:14]} Rd5 {[%clk 00:03:43]} {[%emt 00:00:47]} 48. Rc4 {[%clk 00:01:24]}
{[%emt 00:02:56]} Rb5 {[%clk 00:03:47]} {[%emt 00:00:06]} 49. Rxa4 {[%clk
00:00:47]} {[%emt 00:00:48]} Rb3+ {[%clk 00:03:55]} {[%emt 00:00:01]} 50. Ke2
{[%clk 00:00:41]} {[%emt 00:00:15]} Rxb2+ {[%clk 00:04:03]} {[%emt 00:00:04]}
51. Ke3 {[%clk 00:00:31]} {[%emt 00:00:20]} Rb3+ {[%clk 00:04:06]} {[%emt
00:00:06]} 52. Ke2 {[%clk 00:00:29]} {[%emt 00:00:13]} Ke4 {[%clk 00:03:48]}
{[%emt 00:00:27]} 53. f3+ {[%clk 00:00:38]} {[%emt 00:00:02]} Kd5 {[%clk
00:03:50]} {[%emt 00:00:07]} 54. Kf2 {[%clk 00:00:22]} {[%emt 00:00:26]} b5
{[%clk 00:03:25]} {[%emt 00:00:36]} 55. Ra8 {[%clk 00:00:19]} {[%emt 00:00:13]}
Kxd4 {[%clk 00:03:30]} {[%emt 00:00:04]} 56. Rg8 {[%clk 00:00:21]} {[%emt
00:00:08]} Rxa3 {[%clk 00:03:38]} {[%emt 00:00:03]} 57. Rxg5 {[%clk 00:00:30]}
b4 {[%clk 00:03:06]} {[%emt 00:00:41]} 58. Rg4+ {[%clk 00:00:39]} Kc3 {[%clk
00:03:12]} {[%emt 00:00:05]} 59. Re4 {[%clk 00:00:35]} {[%emt 00:00:14]} b3
{[%clk 00:02:42]} {[%emt 00:00:41]} 60. Rxe6 {[%clk 00:00:16]} {[%emt
00:00:30]} b2 {[%clk 00:02:50]} {[%emt 00:00:01]} 61. Rc6+ {[%clk 00:00:23]}
{[%emt 00:00:03]} Kd2 {[%clk 00:02:54]} {[%emt 00:00:05]} 62. Rb6 {[%clk
00:00:30]} {[%emt 00:00:03]} Kc2 {[%clk 00:02:57]} {[%emt 00:00:07]} 63. Rxb2+
{[%clk 00:00:38]} {[%emt 00:00:03]} Kxb2 {[%clk 00:03:04]} {[%emt 00:00:02]} 64.
Kg3 {[%clk 00:00:45]} {[%emt 00:00:03]} Kc3 {[%clk 00:03:06]} {[%emt 00:00:08]}
65. f4 {[%clk 00:00:12]} {[%emt 00:00:43]} Kd4+ {[%clk 00:03:15]} {[%emt
00:00:01]} 66. Kg4 {[%clk 00:00:21]} Ra1 {[%clk 00:03:16]} {[%emt 00:00:10]} 67.
Kf5 {[%clk 00:00:29]} {[%emt 00:00:02]} Rf1 {[%clk 00:03:22]} {[%emt 00:00:03]}
68. Kg5 {[%clk 00:00:33]} {[%emt 00:00:05]} 0-1

[Event "ABC-4 2025 Groep A"]
[Site "Utrecht"]
[Date "2025.03.16"]
[Round "7.6"]
[White "Nalivaieva, Alisa"]
[Black "Mastop, Guido"]
[Result "0-1"]
[WhiteFideId "9073482"]
[BlackFideId "8879915"]
[WhiteElo "1797"]
[BlackElo "1778"]

1. d4 {[%clk 00:55:17]} {[%emt 00:00:01]} f5 {[%clk 00:55:15]} {[%emt
00:00:05]} 2. Nf3 {[%clk 00:55:22]} {[%emt 00:00:05]} Nf6 {[%clk 00:55:19]}
{[%emt 00:00:06]} 3. c4 {[%clk 00:55:30]} {[%emt 00:00:03]} b6 {[%clk
00:55:12]} {[%emt 00:00:18]} 4. Nc3 {[%clk 00:55:30]} {[%emt 00:00:09]} Bb7
{[%clk 00:55:06]} {[%emt 00:00:15]} 5. Bg5 {[%clk 00:54:49]} {[%emt 00:00:52]}
e6 {[%clk 00:53:48]} {[%emt 00:01:29]} 6. h3 {[%clk 00:54:50]} {[%emt
00:00:08]} h6 {[%clk 00:53:37]} {[%emt 00:00:21]} 7. Bf4 {[%clk 00:53:50]}
{[%emt 00:01:10]} g5 {[%clk 00:53:21]} {[%emt 00:00:26]} 8. Be5 {[%clk
00:52:39]} {[%emt 00:01:21]} d6 {[%clk 00:53:06]} {[%emt 00:00:25]} 9. Bxf6
{[%clk 00:52:45]} {[%emt 00:00:04]} Qxf6 {[%clk 00:53:13]} {[%emt 00:00:02]} 10.
e3 {[%clk 00:49:45]} {[%emt 00:03:10]} Bg7 {[%clk 00:51:35]} {[%emt 00:01:48]}
11. Qc2 {[%clk 00:46:51]} {[%emt 00:03:04]} O-O {[%clk 00:50:01]} {[%emt
00:01:44]} 12. Rb1 {[%clk 00:42:30]} {[%emt 00:04:32]} Nd7 {[%clk 00:46:27]}
{[%emt 00:03:44]} 13. d5 {[%clk 00:40:35]} {[%emt 00:02:05]} Ne5 {[%clk
00:43:12]} {[%emt 00:03:25]} 14. Nd4 {[%clk 00:31:03]} {[%emt 00:09:42]} exd5
{[%clk 00:38:13]} {[%emt 00:05:09]} 15. cxd5 {[%clk 00:30:31]} {[%emt
00:00:42]} c5 {[%clk 00:36:46]} {[%emt 00:01:37]} 16. Ne6 {[%clk 00:27:23]}
{[%emt 00:03:18]} Rf7 {[%clk 00:35:24]} {[%emt 00:01:33]} 17. Nb5 {[%clk
00:22:44]} {[%emt 00:04:47]} Bxd5 {[%clk 00:31:31]} {[%emt 00:04:04]} 18. Nec7
{[%clk 00:19:31]} {[%emt 00:03:22]} Be4 {[%clk 00:30:42]} {[%emt 00:00:59]} 19.
Qd1 {[%clk 00:19:09]} {[%emt 00:00:30]} Bxb1 {[%clk 00:25:48]} {[%emt
00:05:05]} 20. Nxa8 {[%clk 00:14:08]} {[%emt 00:05:12]} Bxa2 {[%clk 00:24:02]}
{[%emt 00:01:56]} 21. Nc3 {[%clk 00:12:01]} {[%emt 00:02:17]} Qd8 {[%clk
00:22:41]} {[%emt 00:01:30]} 22. Nxa2 {[%clk 00:11:16]} {[%emt 00:00:56]} Qxa8
{[%clk 00:21:27]} {[%emt 00:01:24]} 23. f4 {[%clk 00:10:42]} {[%emt 00:00:43]}
gxf4 {[%clk 00:20:43]} {[%emt 00:00:55]} 24. exf4 {[%emt 00:00:11]} Qe4+ {[%emt
00:01:07]} 25. Be2 {[%clk 00:09:22]} {[%emt 00:00:28]} Qxf4 {[%emt 00:01:00]}
26. Qb3 {[%clk 00:08:31]} {[%emt 00:00:15]} Nc6 {[%clk 00:16:43]} {[%emt
00:04:10]} 27. Bc4 {[%clk 00:07:58]} {[%emt 00:00:43]} Ne5 {[%clk 00:14:58]}
{[%emt 00:01:55]} 28. Bxf7+ {[%clk 00:07:44]} {[%emt 00:00:24]} Nxf7 {[%clk
00:15:02]} {[%emt 00:00:07]} 29. Rf1 {[%clk 00:05:02]} {[%emt 00:02:51]} Qe5+
{[%clk 00:13:59]} {[%emt 00:01:13]} 30. Kd1 {[%clk 00:04:53]} {[%emt 00:00:19]}
Qxb2 {[%clk 00:13:57]} {[%emt 00:00:12]} 31. Qe6 {[%clk 00:04:14]} {[%emt
00:00:47]} Qd4+ {[%clk 00:13:50]} {[%emt 00:00:18]} 32. Kc1 {[%clk 00:04:09]}
{[%emt 00:00:15]} Qa1+ {[%emt 00:00:41]} 33. Kd2 {[%clk 00:03:47]} {[%emt
00:00:27]} 0-1

[Event "ABC-4 2025 Groep A"]
[Site "Utrecht"]
[Date "2025.03.16"]
[Round "7.7"]
[White "Luong, Thao"]
[Black "Waersegers, Brent"]
[Result "0-1"]
[WhiteFideId "8890816"]
[BlackFideId "8613803"]
[WhiteElo "1838"]
[BlackElo "1847"]

1. e4 {[%clk 00:55:19]} {[%emt 00:31:28]} e5 {[%clk 00:55:14]} {[%emt
00:00:07]} 2. Nf3 {[%clk 00:55:26]} {[%emt 00:00:03]} Nc6 {[%clk 00:55:13]}
{[%emt 00:00:12]} 3. Bc4 {[%clk 00:55:30]} {[%emt 00:00:05]} Bc5 {[%clk
00:55:19]} {[%emt 00:00:05]} 4. c3 {[%clk 00:54:43]} {[%emt 00:00:57]} Nf6
{[%clk 00:55:23]} {[%emt 00:00:05]} 5. d3 {[%clk 00:54:47]} {[%emt 00:00:05]}
d6 {[%clk 00:53:36]} {[%emt 00:01:57]} 6. a4 {[%clk 00:54:38]} {[%emt
00:00:20]} a5 {[%clk 00:53:14]} {[%emt 00:00:33]} 7. Nbd2 {[%clk 00:54:40]}
{[%emt 00:00:07]} O-O {[%clk 00:51:51]} {[%emt 00:01:33]} 8. h3 {[%clk
00:54:21]} {[%emt 00:00:29]} Be6 {[%clk 00:51:42]} {[%emt 00:00:19]} 9. Bb3
{[%clk 00:54:24]} {[%emt 00:00:06]} h6 {[%clk 00:51:06]} {[%emt 00:00:47]} 10.
Nf1 {[%clk 00:53:38]} {[%emt 00:00:56]} Bb6 {[%clk 00:50:13]} {[%emt 00:01:03]}
11. Ng3 {[%clk 00:53:39]} {[%emt 00:00:08]} Qd7 {[%clk 00:50:04]} {[%emt
00:00:20]} 12. O-O {[%clk 00:52:53]} {[%emt 00:00:56]} Bxh3 {[%clk 00:47:13]}
{[%emt 00:03:02]} 13. gxh3 {[%clk 00:52:44]} {[%emt 00:00:19]} Qxh3 {[%clk
00:47:18]} {[%emt 00:00:05]} 14. d4 {[%clk 00:50:48]} {[%emt 00:02:05]} exd4
{[%clk 00:46:39]} {[%emt 00:00:49]} 15. cxd4 {[%clk 00:50:45]} {[%emt
00:00:14]} Nxd4 {[%clk 00:46:11]} {[%emt 00:00:38]} 16. Be3 {[%clk 00:46:31]}
{[%emt 00:04:22]} Nxb3 {[%clk 00:45:25]} {[%emt 00:00:56]} 17. Qxb3 {[%clk
00:46:24]} {[%emt 00:00:18]} Nxe4 {[%clk 00:44:55]} {[%emt 00:00:40]} 18. Nxe4
{[%clk 00:43:39]} {[%emt 00:02:55]} Qxf3 {[%clk 00:44:51]} {[%emt 00:00:14]} 19.
Ng3 {[%clk 00:41:23]} {[%emt 00:02:26]} Rfe8 {[%clk 00:44:20]} {[%emt
00:00:41]} 20. Rae1 {[%clk 00:39:46]} {[%emt 00:01:47]} h5 {[%clk 00:40:12]}
{[%emt 00:04:18]} 21. Kh2 {[%clk 00:33:12]} {[%emt 00:06:44]} Re6 {[%clk
00:38:09]} {[%emt 00:02:14]} 22. Qb5 {[%clk 00:29:53]} {[%emt 00:03:28]} h4
{[%clk 00:30:47]} {[%emt 00:07:32]} 23. Rg1 {[%clk 00:29:23]} {[%emt 00:00:39]}
Bxe3 {[%clk 00:30:33]} {[%emt 00:00:25]} 24. Rxe3 {[%clk 00:15:51]} {[%emt
00:13:42]} hxg3+ {[%clk 00:30:27]} {[%emt 00:00:17]} 25. Rxg3 {[%clk 00:15:09]}
{[%emt 00:00:51]} Rh6+ {[%clk 00:30:34]} {[%emt 00:01:01]} 0-1

[Event "ABC-4 2025 Groep A"]
[Site "Utrecht"]
[Date "2025.03.16"]
[Round "7.8"]
[White "Van Diggele, Merijn"]
[Black "Lalkota, Sai Pranav Tejas"]
[Result "0-1"]
[WhiteFideId "8707908"]
[BlackFideId "8930592"]
[WhiteElo "1673"]
[BlackElo "1840"]

1. Nf3 {[%clk 00:55:18]} {[%emt 00:00:02]} d5 {[%clk 00:55:14]} {[%emt
00:00:06]} 2. c4 {[%clk 00:55:25]} {[%emt 00:00:03]} e6 {[%clk 00:55:14]}
{[%emt 00:00:09]} 3. g3 {[%clk 00:55:11]} {[%emt 00:00:25]} Nf6 {[%clk
00:55:08]} {[%emt 00:00:16]} 4. Bg2 {[%clk 00:55:16]} {[%emt 00:00:06]} b6
{[%clk 00:55:10]} {[%emt 00:00:08]} 5. d4 {[%clk 00:55:14]} {[%emt 00:00:13]}
Bb7 {[%clk 00:55:06]} {[%emt 00:00:14]} 6. O-O {[%clk 00:55:10]} {[%emt
00:00:13]} Nbd7 {[%clk 00:55:07]} {[%emt 00:00:09]} 7. Nc3 {[%clk 00:54:58]}
{[%emt 00:00:22]} dxc4 {[%clk 00:55:00]} {[%emt 00:00:17]} 8. Re1 {[%clk
00:54:24]} {[%emt 00:00:44]} h5 {[%clk 00:54:57]} {[%emt 00:00:11]} 9. e4
{[%clk 00:54:26]} {[%emt 00:00:10]} Bb4 {[%clk 00:54:48]} {[%emt 00:00:18]} 10.
e5 {[%clk 00:53:56]} {[%emt 00:00:40]} Nd5 {[%clk 00:54:43]} {[%emt 00:00:15]}
11. Qc2 {[%clk 00:53:09]} {[%emt 00:00:58]} Bxc3 {[%clk 00:52:32]} {[%emt
00:02:20]} 12. bxc3 {[%clk 00:53:12]} {[%emt 00:00:07]} Ne7 {[%clk 00:51:34]}
{[%emt 00:01:06]} 13. Ng5 {[%clk 00:52:21]} {[%emt 00:01:03]} Bxg2 {[%clk
00:51:07]} {[%emt 00:00:37]} 14. Kxg2 {[%clk 00:52:27]} {[%emt 00:00:05]} Nf5
{[%clk 00:50:57]} {[%emt 00:00:19]} 15. h4 {[%clk 00:52:05]} {[%emt 00:00:33]}
Qe7 {[%clk 00:49:46]} {[%emt 00:01:17]} 16. a4 {[%clk 00:51:57]} {[%emt
00:00:22]} Nf8 {[%clk 00:48:58]} {[%emt 00:00:58]} 17. Ba3 {[%clk 00:51:52]}
{[%emt 00:00:15]} Qd8 {[%clk 00:48:59]} {[%emt 00:00:08]} 18. a5 {[%clk
00:50:31]} {[%emt 00:01:33]} Qd5+ {[%clk 00:45:44]} {[%emt 00:03:24]} 19. Kg1
{[%clk 00:49:18]} {[%emt 00:01:24]} Ng6 {[%clk 00:45:19]} {[%emt 00:00:35]} 20.
axb6 {[%clk 00:48:53]} {[%emt 00:00:35]} cxb6 {[%clk 00:45:00]} {[%emt
00:00:27]} 21. Qa4+ {[%clk 00:47:38]} {[%emt 00:01:26]} b5 {[%clk 00:44:58]}
{[%emt 00:00:11]} 22. Qa6 {[%clk 00:47:31]} {[%emt 00:00:18]} Kd7 {[%clk
00:38:44]} {[%emt 00:06:20]} 23. Rab1 {[%clk 00:46:59]} {[%emt 00:00:46]} Rhb8
{[%clk 00:38:44]} {[%emt 00:00:10]} 24. Bc5 {[%clk 00:46:31]} {[%emt 00:00:39]}
f6 {[%clk 00:37:28]} {[%emt 00:01:25]} 25. exf6 {[%clk 00:45:37]} {[%emt
00:01:05]} Nfxh4 {[%clk 00:36:47]} {[%emt 00:00:51]} 26. Qxe6+ {[%clk
00:44:20]} {[%emt 00:01:27]} Qxe6 {[%clk 00:36:49]} {[%emt 00:00:06]} 27. Rxe6
{[%clk 00:44:07]} {[%emt 00:00:25]} Nf3+ {[%clk 00:36:53]} {[%emt 00:00:06]} 28.
Kg2 {[%clk 00:39:41]} {[%emt 00:04:36]} Nxg5 {[%clk 00:36:56]} {[%emt
00:00:06]} 29. Rd6+ {[%clk 00:39:31]} {[%emt 00:00:21]} Kc7 {[%clk 00:35:08]}
{[%emt 00:01:56]} 30. fxg7 {[%clk 00:38:12]} {[%emt 00:01:31]} Ne7 {[%clk
00:35:06]} {[%emt 00:00:09]} 31. Re1 {[%clk 00:37:38]} {[%emt 00:00:45]} Ng8
{[%clk 00:35:07]} {[%emt 00:00:09]} 32. Rg6 {[%clk 00:37:03]} {[%emt 00:00:46]}
Nf7 {[%clk 00:34:47]} {[%emt 00:00:23]} 33. Ree6 {[%clk 00:36:12]} {[%emt
00:01:07]} a5 {[%clk 00:34:32]} {[%emt 00:00:26]} 34. Re4 {[%clk 00:33:44]}
{[%emt 00:02:39]} b4 {[%clk 00:34:28]} {[%emt 00:00:13]} 35. Rf4 {[%clk
00:32:52]} {[%emt 00:01:02]} Ngh6 {[%clk 00:34:25]} {[%emt 00:00:14]} 36. Bf8
{[%clk 00:31:32]} {[%emt 00:01:29]} Rxf8 {[%clk 00:33:02]} {[%emt 00:01:33]} 37.
gxf8=Q Rxf8 {[%clk 00:33:06]} 38. Rxh6 {[%clk 00:31:34]} {[%emt 00:00:16]} Nxh6
{[%clk 00:33:07]} {[%emt 00:00:09]} 39. Rxf8 {[%clk 00:31:36]} {[%emt
00:00:08]} b3 {[%clk 00:33:10]} {[%emt 00:00:06]} 40. Rh8 {[%clk 00:31:07]}
{[%emt 00:00:40]} Ng4 {[%clk 00:31:45]} {[%emt 00:01:34]} 41. Rxh5 {[%clk
00:29:58]} {[%emt 00:01:18]} a4 {[%clk 00:31:47]} {[%emt 00:00:09]} 42. Ra5
{[%clk 00:15:25]} {[%emt 00:14:43]} b2 {[%clk 00:31:40]} {[%emt 00:00:17]} 43.
Rxa4 {[%clk 00:14:46]} {[%emt 00:00:49]} b1=Q {[%clk 00:31:35]} {[%emt
00:00:15]} 44. Rxc4+ {[%clk 00:14:38]} {[%emt 00:00:18]} Kd6 {[%clk 00:31:41]}
{[%emt 00:00:04]} 45. Rc5 {[%clk 00:14:31]} {[%emt 00:00:17]} Qe4+ {[%clk
00:31:42]} {[%emt 00:00:08]} 46. f3 {[%clk 00:14:38]} {[%emt 00:00:04]} Qe2+
{[%clk 00:31:50]} {[%emt 00:00:02]} 47. Kh3 {[%clk 00:14:46]} {[%emt 00:00:02]}
Qxf3 {[%clk 00:31:33]} {[%emt 00:00:27]} 48. Kh4 {[%clk 00:14:42]} {[%emt
00:00:14]} Nf2 {[%clk 00:31:27]} {[%emt 00:00:15]} 49. Kg5 {[%clk 00:14:35]}
{[%emt 00:00:17]} Ne4+ {[%clk 00:31:30]} {[%emt 00:00:08]} 0-1

[Event "ABC-4 2025 Groep A"]
[Site "Utrecht"]
[Date "2025.03.16"]
[Round "7.9"]
[White "Elferink, Leon"]
[Black "Zhang, Jinchen"]
[Result "1-0"]
[WhiteFideId "8708084"]
[BlackFideId "9011090"]
[WhiteElo "1926"]
[BlackElo "1747"]

1. e4 {[%clk 00:55:18]} {[%emt 00:00:02]} c5 {[%clk 00:55:13]} {[%emt
00:00:07]} 2. Nf3 {[%clk 00:55:25]} {[%emt 00:00:03]} e6 {[%clk 00:55:16]}
{[%emt 00:00:07]} 3. d4 {[%clk 00:55:31]} {[%emt 00:00:03]} cxd4 {[%clk
00:55:21]} {[%emt 00:00:06]} 4. Nxd4 {[%clk 00:55:38]} {[%emt 00:00:03]} Nf6
{[%clk 00:55:15]} {[%emt 00:00:16]} 5. Nc3 {[%clk 00:55:24]} {[%emt 00:00:24]}
Nc6 {[%clk 00:55:11]} {[%emt 00:00:14]} 6. Bg5 {[%clk 00:54:02]} {[%emt
00:01:32]} Be7 {[%clk 00:54:49]} {[%emt 00:00:32]} 7. Qd3 {[%clk 00:51:22]}
{[%emt 00:02:50]} h6 {[%clk 00:53:39]} {[%emt 00:01:20]} 8. Bh4 {[%clk
00:50:48]} {[%emt 00:00:45]} a6 {[%clk 00:52:19]} {[%emt 00:01:31]} 9. Be2
{[%clk 00:50:08]} {[%emt 00:00:49]} Ne5 {[%clk 00:51:19]} {[%emt 00:01:10]} 10.
Qd2 {[%clk 00:47:20]} {[%emt 00:02:58]} O-O {[%clk 00:50:12]} {[%emt 00:01:17]}
11. Bg3 {[%clk 00:46:45]} {[%emt 00:00:44]} Nc6 {[%clk 00:48:41]} {[%emt
00:01:42]} 12. O-O-O {[%clk 00:46:05]} {[%emt 00:00:50]} b5 {[%clk 00:47:08]}
{[%emt 00:01:43]} 13. e5 {[%clk 00:45:31]} {[%emt 00:00:44]} b4 {[%clk
00:44:54]} {[%emt 00:02:25]} 14. Nxc6 {[%clk 00:43:57]} {[%emt 00:01:43]} dxc6
{[%clk 00:44:32]} {[%emt 00:00:32]} 15. Qxd8 {[%clk 00:43:10]} {[%emt
00:00:57]} Bxd8 {[%clk 00:43:10]} {[%emt 00:01:32]} 16. exf6 {[%clk 00:39:30]}
{[%emt 00:03:50]} bxc3 {[%clk 00:43:05]} {[%emt 00:00:15]} 17. Bf3 {[%clk
00:36:38]} {[%emt 00:03:02]} cxb2+ {[%clk 00:42:06]} {[%emt 00:01:09]} 18. Kb1
{[%clk 00:36:35]} {[%emt 00:00:12]} Bxf6 {[%clk 00:38:54]} {[%emt 00:03:22]} 19.
Bxc6 {[%clk 00:36:40]} {[%emt 00:00:06]} Ra7 {[%clk 00:38:30]} {[%emt
00:00:34]} 20. Bb8 {[%clk 00:36:30]} {[%emt 00:00:20]} Re7 {[%clk 00:38:38]}
{[%emt 00:00:02]} 21. Bd6 {[%clk 00:36:31]} {[%emt 00:00:09]} Ree8 {[%clk
00:38:36]} {[%emt 00:00:12]} 22. Rhe1 {[%clk 00:33:21]} {[%emt 00:03:20]} a5
{[%clk 00:37:34]} {[%emt 00:01:13]} 23. Bxe8 {[%clk 00:32:32]} {[%emt
00:00:59]} Rxe8 {[%clk 00:37:36]} {[%emt 00:00:08]} 24. Be5 {[%clk 00:32:32]}
{[%emt 00:00:10]} Be7 {[%clk 00:36:42]} {[%emt 00:01:04]} 25. Kxb2 {[%clk
00:32:20]} {[%emt 00:00:22]} Bb7 {[%clk 00:36:36]} {[%emt 00:00:16]} 26. Rd7
{[%clk 00:30:14]} {[%emt 00:02:16]} Bxg2 {[%clk 00:35:32]} {[%emt 00:01:13]} 27.
Rg1 {[%clk 00:30:21]} {[%emt 00:00:03]} Bd5 {[%clk 00:34:08]} {[%emt 00:01:35]}
28. Rxg7+ {[%clk 00:30:25]} {[%emt 00:00:06]} Kf8 {[%clk 00:34:04]} {[%emt
00:00:13]} 29. Rh7 {[%clk 00:29:29]} {[%emt 00:01:07]} f6 {[%clk 00:32:18]}
{[%emt 00:01:57]} 30. Bd6 {[%clk 00:29:28]} {[%emt 00:00:11]} Bxd6 {[%clk
00:32:13]} {[%emt 00:00:14]} 31. Rh8# {[%clk 00:29:31]} {[%emt 00:00:06]} 1-0

[ePGN "0.1;DGT LiveChess/2.2.6"]